|
|
|
|
| LEADER |
00000nam2a2200000 4500 |
| 001 |
312114 |
| 005 |
20231102002444.0 |
| 020 |
|
|
|a RU
|b 82-20671
|
| 035 |
|
|
|a (RuTPU)RU\TPU\book\337481
|
| 090 |
|
|
|a 312114
|
| 100 |
|
|
|a 20151217d1981 k y0rusy5003 ca
|
| 101 |
0 |
|
|a rus
|
| 102 |
|
|
|a TJ
|
| 105 |
|
|
|a y z 001zy
|
| 200 |
0 |
|
|a Т. 47 : Таджикская СССР. Период 1941-1950. Вып. 1 : Опубликованные работы
|f Академия наук Таджикской ССР (АН ТадССР), Институт геологии ; гл. ред. В. В. Тихомиров ; сост. Х. Н. Назаров ; отв.ред. А. П. Недэвецкий
|
| 210 |
|
|
|a Душанбе
|c Дониш
|d 1981
|
| 215 |
|
|
|a 243 с.
|
| 320 |
|
|
|a Авторский указатель: с. 217-222
|
| 320 |
|
|
|a Предметно-систематический указатель: с. 223-224
|
| 320 |
|
|
|a Географический указатель: с. 224-236
|
| 320 |
|
|
|a Указатель минералов, полезных ископаемых и месторождений: с. 236-242
|
| 461 |
|
1 |
|0 (RuTPU)RU\TPU\book\58444
|t Геологическая изученность СССР
|o [обзорные главы, рефераты, аннотации и библиографические справки]
|f Академия Наук СССР, Комиссия по геологической изученности СССР
|v Т. 47 : Таджикская СССР. Период 1941-1950. Вып. 1 : Опубликованные работы
|d 1961-1988
|
| 606 |
|
|
|a Геологическая изученность
|y СССР
|2 stltpush
|3 (RuTPU)RU\TPU\subj\6035
|9 34000
|
| 610 |
1 |
|
|a Таджикская ССР
|
| 610 |
1 |
|
|a геология
|
| 610 |
1 |
|
|a геологические исследования
|
| 610 |
1 |
|
|a геологическое районирование
|
| 610 |
1 |
|
|a опубликованные источники
|
| 610 |
1 |
|
|a рефераты
|
| 610 |
1 |
|
|a аннотации
|
| 610 |
1 |
|
|a библиографические пособия
|
| 675 |
|
|
|a 55(47+57)
|v 3
|
| 702 |
|
1 |
|a Тихомиров
|b В. В.
|g Владимир Владимирович
|4 651
|
| 702 |
|
1 |
|a Назаров
|b Х. Н.
|g Хикмат Негматович
|4 220
|
| 702 |
|
1 |
|a Недэвецкий
|b А. П.
|4 340
|
| 712 |
0 |
2 |
|a Академия наук Таджикской ССР (АН ТадССР)
|b Институт геологии
|c (Душанбе)
|2 stltpush
|3 (RuTPU)RU\TPU\col\16691
|
| 801 |
|
0 |
|a RU
|b RuMRKP
|c 19950704
|g psbo
|
| 801 |
|
1 |
|a RU
|b 63413507
|c 20151217
|
| 801 |
|
2 |
|a RU
|b 63413507
|c 20181008
|g RCR
|
| 942 |
|
|
|c BK
|